[Event "Europa tch 2011 femenino"]
[Site "Porto Carras"]
[Date "2011.11.08"]
[Round "6.6"]
[White "Aginian, Nelly"]
[Black "Pavlidou, Ekaterini"]
[Result "1-0"]
[WhiteElo "2263"]
[BlackElo "2176"]
[PlyCount "57"]
[EventDate "2011.11.03"]
[EventType "team"]
[EventRounds "9"]
[EventCountry "GRE"]
[Source "lmi"]
[SourceDate "2011.11.03"]
[WhiteTeamCountry "NED"]
[BlackTeamCountry "GRE"]

1. e4 c5 2. Nf3 Nc6 3. Nc3 Nf6 4. Bb5 Qc7 5. O-O a6 6. Bxc6 Qxc6 7. e5 Nd5 8.
Ne4 b5 9. b3 h6 10. Re1 e6 11. c4 Nb6 12. d3 Be7 13. Bf4 Bb7 14. Rc1 b4 15. d4
g5 16. Bg3 g4 17. d5 exd5 18. cxd5 Nxd5 19. Nd4 Qb6 20. Nf5 Kf8 21. Nxe7 Nxe7
22. Nxc5 Bc6 23. Nxd7+ Bxd7 24. Qxd7 Rd8 25. Qxg4 h5 26. Qf3 Qe6 27. Bh4 Rd2
28. Qa8+ Kg7 29. Bf6+ 1-0

[Event "Europa tch 2011 femenino"]
[Site "Porto Carras"]
[Date "2011.11.08"]
[Round "6.6"]
[White "Dembo, Yelena"]
[Black "Danielian, Elina"]
[Result "1/2-1/2"]
[WhiteElo "2468"]
[BlackElo "2507"]
[PlyCount "53"]
[EventDate "2011.11.03"]
[EventType "team"]
[EventRounds "9"]
[EventCountry "GRE"]
[Source "lmi"]
[SourceDate "2011.11.03"]
[WhiteTeamCountry "NED"]
[BlackTeamCountry "GRE"]

1. e4 c6 2. d4 d5 3. e5 Bf5 4. Nd2 e6 5. Nb3 Nd7 6. Nf3 Ne7 7. Be2 Nc8 8. O-O
Be7 9. a4 O-O 10. a5 a6 11. Be3 Na7 12. Qd2 Qc7 13. Rac1 Rfd8 14. Rfd1 c5 15.
Nxc5 Nxc5 16. dxc5 Bxc5 17. Bg5 Be7 18. Bxe7 Qxe7 19. Nd4 Bg6 20. c4 dxc4 21.
Rxc4 Be4 22. Qc1 Nc6 23. Nxc6 Bxc6 24. Rcd4 Rxd4 25. Rxd4 Bd5 26. Rd3 Rd8 27.
h3 1/2-1/2

[Event "Europa tch 2011 femenino"]
[Site "Porto Carras"]
[Date "2011.11.08"]
[Round "6.6"]
[White "Fakhiridou, Ekaterini"]
[Black "Galojan, Lilit"]
[Result "1/2-1/2"]
[WhiteElo "2180"]
[BlackElo "2383"]
[PlyCount "96"]
[EventDate "2011.11.03"]
[EventType "team"]
[EventRounds "9"]
[EventCountry "GRE"]
[Source "lmi"]
[SourceDate "2011.11.03"]
[WhiteTeamCountry "NED"]
[BlackTeamCountry "GRE"]

1. e4 c5 2. Nf3 e6 3. d4 cxd4 4. Nxd4 a6 5. Bd3 Qc7 6. O-O Nc6 7. Nxc6 bxc6 8.
Qe2 d5 9. e5 Bc5 10. Nd2 Ne7 11. Nf3 Ng6 12. Re1 Be7 13. g3 c5 14. c3 Bb7 15.
Bg5 h6 16. Bxe7 Nxe7 17. Nh4 Qc6 18. Ng2 O-O 19. Qh5 d4 20. Be4 Qb6 21. Bxb7
Qxb7 22. Qe2 Rfd8 23. cxd4 cxd4 24. Nf4 Nd5 25. Nd3 Nb4 26. Red1 Rd5 27. f4 Rb8
28. b3 Rc8 29. Rac1 Rc3 30. Nxb4 Qxb4 31. Qxa6 d3 32. Rxc3 Qxc3 33. Qc4 Qc2 34.
Rc1 Qxa2 35. Qe4 Qa7+ 36. Kf1 Qb7 37. b4 g6 38. Rd1 d2 39. Rxd2 Qb5+ 40. Ke1 h5
41. Rxd5 exd5 42. Qd4 Qa4 43. Qc3 Qa2 44. Qd2 Qb1+ 45. Kf2 Qh1 46. Ke3 Qe4+ 47.
Kf2 Qh1 48. Ke3 Qe4+ 1/2-1/2

[Event "Europa tch 2011 femenino"]
[Site "Porto Carras"]
[Date "2011.11.08"]
[Round "6.7"]
[White "Cosma, Elena-Luminita"]
[Black "Michna, Marta"]
[Result "0-1"]
[WhiteElo "2335"]
[BlackElo "2382"]
[PlyCount "134"]
[EventDate "2011.11.03"]
[EventType "team"]
[EventRounds "9"]
[EventCountry "GRE"]
[Source "lmi"]
[SourceDate "2011.11.03"]
[WhiteTeamCountry "NED"]
[BlackTeamCountry "GRE"]

1. d4 g6 2. e4 Bg7 3. Nc3 d6 4. Be3 Nd7 5. Nf3 e6 6. Qd2 h6 7. h3 a6 8. a4 b6
9. Be2 Bb7 10. Rd1 Ne7 11. Qc1 Rb8 12. O-O g5 13. Nh2 Ng6 14. Rfe1 O-O 15. Bf1
Qe7 16. f3 Rbe8 17. Bf2 Nf6 18. Ng4 Nh5 19. Ne3 Qd8 20. d5 Ne5 21. Ng4 Nxg4 22.
hxg4 Nf4 23. Ne2 Be5 24. c4 a5 25. Nxf4 gxf4 26. Bd4 Bxd4+ 27. Rxd4 e5 28. Rdd1
h5 29. gxh5 Qg5 30. Qc2 Kg7 31. Qf2 Qxh5 32. g4 fxg3 33. Qxg3+ Kf6 34. Kf2 Bc8
35. Bg2 Rg8 36. Rh1 Rxg3 37. Rxh5 Reg8 38. Rh2 Ke7 39. Rdh1 f5 40. exf5 Bxf5
41. Rc1 R8g7 42. Rc3 Bd7 43. b3 Bf5 44. Re3 Kf6 45. Rh6+ R3g6 46. Rh2 Rg8 47.
Rc3 R6g7 48. Re3 Rf8 49. Bf1 Rh7 50. Rxh7 Bxh7 51. Bd3 Bxd3 52. Rxd3 Rh8 53.
Rd1 Rh2+ 54. Ke3 Rb2 55. Rd3 Kf5 56. Rc3 Rh2 57. Rc1 Rb2 58. Rc3 Rb1 59. Rd3
Re1+ 60. Kf2 Rh1 61. Re3 Rh2+ 62. Kg3 Rb2 63. Rd3 e4 64. Rc3 Ke5 65. Kg4 Kd4
66. Rc1 exf3 67. Rd1+ Ke3 0-1

[Event "Europa tch 2011 femenino"]
[Site "Porto Carras"]
[Date "2011.11.08"]
[Round "6.7"]
[White "Ohme, Melanie"]
[Black "Bulmaga, Irina"]
[Result "1-0"]
[WhiteElo "2361"]
[BlackElo "2334"]
[PlyCount "163"]
[EventDate "2011.11.03"]
[EventType "team"]
[EventRounds "9"]
[EventCountry "GRE"]
[Source "lmi"]
[SourceDate "2011.11.03"]
[WhiteTeamCountry "NED"]
[BlackTeamCountry "GRE"]

1. e4 c5 2. Nc3 d6 3. f4 Nc6 4. Nf3 a6 5. a4 e6 6. Be2 Nf6 7. O-O Be7 8. Kh1
Qc7 9. d4 cxd4 10. Nxd4 O-O 11. Be3 Rd8 12. Qe1 Na5 13. Qg3 Nc4 14. Bc1 d5 15.
e5 Nd7 16. Nf5 exf5 17. Nxd5 Qc5 18. Nxe7+ Qxe7 19. Bxc4 Nc5 20. Qa3 Qc7 21.
Be3 Be6 22. Bxe6 Nxe6 23. Qb3 Nd4 24. Bxd4 Rxd4 25. c3 Rd2 26. Rad1 Rad8 27.
Rxd2 Rxd2 28. e6 Qc6 29. exf7+ Kf8 30. Rg1 Qe4 31. Qb6 Kxf7 32. b4 h5 33. h3
Rd3 34. Qc7+ Kg6 35. Kh2 Kh7 36. c4 Qe2 37. Ra1 Qe4 38. Qe5 Qxc4 39. Qxf5+ g6
40. Qf6 Qd4 41. Qf7+ Qg7 42. Qxg7+ Kxg7 43. Rc1 Rd7 44. Kg3 Kf6 45. Rc4 Rd3+
46. Kh4 b5 47. axb5 axb5 48. Rc5 Rd4 49. Rxb5 Rxf4+ 50. g4 hxg4 51. hxg4 Rd4
52. Kg3 Rc4 53. g5+ Ke6 54. Kf3 Rh4 55. Ke3 Rg4 56. Kd3 Kd6 57. Kc3 Kc6 58.
Rc5+ Kb6 59. Re5 Kc7 60. Kb3 Kd6 61. Rc5 Rg3+ 62. Kc4 Rg4+ 63. Kb5 Ke6 64. Ka5
Kd6 65. Rb5 Ke6 66. Kb6 Kd6 67. Kb7 Kd7 68. Kb6 Kd6 69. Ka6 Ke6 70. Ka5 Kd7 71.
Re5 Kd6 72. Rc5 Ke6 73. b5 Rg1 74. Kb6 Ke7 75. Kb7 Rg2 76. b6 Rg3 77. Kb8 Kd6
78. Ra5 Rb3 79. b7 Kd7 80. Ra6 Rb5 81. Rxg6 Rb1 82. Rg7+ 1-0

[Event "Europa tch 2011 femenino"]
[Site "Porto Carras"]
[Date "2011.11.08"]
[Round "6.7"]
[White "Paehtz, Elisabeth"]
[Black "Foisor, Cristina-Adela"]
[Result "1-0"]
[WhiteElo "2457"]
[BlackElo "2418"]
[PlyCount "111"]
[EventDate "2011.11.03"]
[EventType "team"]
[EventRounds "9"]
[EventCountry "GRE"]
[Source "lmi"]
[SourceDate "2011.11.03"]
[WhiteTeamCountry "NED"]
[BlackTeamCountry "GRE"]

1. Nf3 d5 2. d4 c6 3. c4 Nf6 4. Qb3 Qb6 5. Nc3 Qxb3 6. axb3 e6 7. c5 Na6 8. Ne5
Nd7 9. Nxd7 Bxd7 10. Bf4 Kd8 11. e4 Nc7 12. f3 Be7 13. b4 Re8 14. Bd6 Nb5 15.
Bxe7+ Rxe7 16. Bxb5 cxb5 17. Kd2 Bc6 18. Rhe1 f6 19. Re3 Ke8 20. Rae1 dxe4 21.
fxe4 Rd8 22. Rd3 Kf7 23. Kc2 g5 24. Red1 Kg6 25. d5 exd5 26. exd5 Bd7 27. Kb3
Bf5 28. R3d2 Re3 29. Ka2 a6 30. d6 h5 31. Nd5 Be6 32. Kb1 Bxd5 33. Rxd5 Rd7 34.
Kc2 f5 35. R1d3 Re2+ 36. Rd2 Re3 37. Rf2 f4 38. h4 gxh4 39. Rxf4 h3 40. gxh3
Rxh3 41. Re5 h4 42. Rg4+ Kf6 43. Rh5 Rh2+ 44. Kc3 Rh3+ 45. Kd4 Rb3 46. Kd5 Rxb2
47. Rf4+ Kg6 48. Rhxh4 Rd8 49. Rhg4+ Kh5 50. Rg7 a5 51. bxa5 b4 52. Rxb7 b3 53.
Rfb4 Rd2+ 54. Rd4 Ra2 55. Rxb3 Rxa5 56. Rg3 1-0

[Event "Europa tch 2011 femenino"]
[Site "Porto Carras"]
[Date "2011.11.08"]
[Round "6.7"]
[White "Voicu Jagodzinsky, Carmen"]
[Black "Levushkina, Elena"]
[Result "1-0"]
[WhiteElo "2300"]
[BlackElo "2307"]
[PlyCount "59"]
[EventDate "2011.11.03"]
[EventType "team"]
[EventRounds "9"]
[EventCountry "GRE"]
[Source "lmi"]
[SourceDate "2011.11.03"]
[WhiteTeamCountry "NED"]
[BlackTeamCountry "GRE"]

1. e4 c5 2. Nf3 Nc6 3. d4 cxd4 4. Nxd4 Nf6 5. Nc3 d6 6. Be2 g6 7. Be3 Bg7 8.
Qd2 O-O 9. O-O Bd7 10. Rad1 a6 11. Rfe1 Rc8 12. f3 Qc7 13. Kh1 b5 14. a3 Rfd8
15. Bf1 Qb7 16. Nd5 Nxd5 17. exd5 Ne5 18. Bh6 Bf6 19. Bg5 Re8 20. Bxf6 exf6 21.
Qf4 Kg7 22. h4 h5 23. c3 Rc5 24. Qd2 Nc4 25. Bxc4 bxc4 26. Rxe8 Bxe8 27. Re1
Bb5 28. f4 f5 29. Nxb5 Rxd5 30. Nd4 1-0

[Event "Europa tch 2011 femenino"]
[Site "Porto Carras"]
[Date "2011.11.08"]
[Round "6.8"]
[White "Djingarova, Emilia"]
[Black "Kaya, Emel"]
[Result "1-0"]
[WhiteElo "2309"]
[BlackElo "2005"]
[PlyCount "55"]
[EventDate "2011.11.03"]
[EventType "team"]
[EventRounds "9"]
[EventCountry "GRE"]
[Source "lmi"]
[SourceDate "2011.11.03"]
[WhiteTeamCountry "NED"]
[BlackTeamCountry "GRE"]

1. Nf3 d5 2. c4 dxc4 3. e3 Nf6 4. Bxc4 e6 5. O-O c5 6. Qe2 a6 7. Rd1 Qc7 8. d4
Nbd7 9. Nc3 b5 10. Bb3 Bb7 11. d5 exd5 12. Nxd5 Nxd5 13. Bxd5 Be7 14. Bxf7+
Kxf7 15. Rxd7 Qxd7 16. Ne5+ Ke8 17. Nxd7 Kxd7 18. Qg4+ Kc6 19. Qe4+ Kb6 20.
Qxe7 Rad8 21. Qe6+ Bc6 22. Qg4 b4 23. e4 h5 24. Qe2 Bxe4 25. Be3 Bd3 26. Qf3
Rhf8 27. Qxh5 Rf5 28. Qh4 1-0

[Event "Europa tch 2011 femenino"]
[Site "Porto Carras"]
[Date "2011.11.08"]
[Round "6.8"]
[White "Ozturk, Kubra"]
[Black "Voiska, Margarita"]
[Result "1-0"]
[WhiteElo "2239"]
[BlackElo "2328"]
[PlyCount "81"]
[EventDate "2011.11.03"]
[EventType "team"]
[EventRounds "9"]
[EventCountry "GRE"]
[Source "lmi"]
[SourceDate "2011.11.03"]
[WhiteTeamCountry "NED"]
[BlackTeamCountry "GRE"]

1. d4 d5 2. Nf3 c6 3. c4 e6 4. e3 f5 5. g4 Nf6 6. Ne5 fxg4 7. Bd3 Nbd7 8. Nxg4
Bd6 9. f4 Ne4 10. Bxe4 Qh4+ 11. Nf2 dxe4 12. Qg4 Qxg4 13. Nxg4 c5 14. Nc3 cxd4
15. Nxe4 Bb4+ 16. Bd2 Bxd2+ 17. Kxd2 O-O 18. Rhf1 dxe3+ 19. Kxe3 Nf6 20. Ngxf6+
gxf6 21. Rg1+ Kh8 22. Rad1 e5 23. Nd6 Be6 24. f5 Bg8 25. b3 b6 26. Ne4 Rf7 27.
Rd6 Raf8 28. a3 h5 29. Rg6 Bh7 30. Rh6 Kg7 31. Rxh5 Rc7 32. Rh3 Bxf5 33. Rg3+
Kh8 34. Rxf6 Rcf7 35. Rxf7 Rxf7 36. Rf3 Bg6 37. Rxf7 Bxf7 38. Nd6 Bg6 39. b4
Kg7 40. c5 bxc5 41. bxc5 1-0

[Event "Europa tch 2011 femenino"]
[Site "Porto Carras"]
[Date "2011.11.08"]
[Round "6.9"]
[White "Borsuk, Angela"]
[Black "Mamedjarova, Turkan"]
[Result "1/2-1/2"]
[WhiteElo "2257"]
[BlackElo "2277"]
[PlyCount "21"]
[EventDate "2011.11.03"]
[EventType "team"]
[EventRounds "9"]
[EventCountry "GRE"]
[Source "lmi"]
[SourceDate "2011.11.03"]
[WhiteTeamCountry "NED"]
[BlackTeamCountry "GRE"]

1. d4 d5 2. Nf3 e6 3. c4 c6 4. e3 f5 5. g4 Nf6 6. gxf5 exf5 7. Nc3 Be6 8. Ng5
Bg8 9. Be2 g6 10. b3 Na6 11. h4 1/2-1/2

[Event "Europa tch 2011 femenino"]
[Site "Porto Carras"]
[Date "2011.11.08"]
[Round "6.9"]
[White "Mammadova, Gulnar"]
[Black "Efroimski, Marsel"]
[Result "1/2-1/2"]
[WhiteElo "2290"]
[BlackElo "2230"]
[PlyCount "91"]
[EventDate "2011.11.03"]
[EventType "team"]
[EventRounds "9"]
[EventCountry "GRE"]
[Source "lmi"]
[SourceDate "2011.11.03"]
[WhiteTeamCountry "NED"]
[BlackTeamCountry "GRE"]

1. e4 c6 2. d4 d5 3. e5 Bf5 4. h4 h6 5. Be3 e6 6. g4 Be4 7. f3 Bh7 8. c4 dxc4
9. Bxc4 h5 10. Nc3 Nd7 11. Bg5 Be7 12. Bxe7 Qxe7 13. Qd2 O-O-O 14. Qe3 Bg6 15.
g5 Qb4 16. Bb3 Nb6 17. O-O-O Ne7 18. Nge2 Nf5 19. Qd2 Nd5 20. Nxd5 Qxd2+ 21.
Kxd2 cxd5 22. Bc2 Ne7 23. Ba4 Kb8 24. b4 Rc8 25. Bb3 Rc7 26. b5 Rhc8 27. Rc1
Nf5 28. Rxc7 Kxc7 29. Rc1+ Kd7 30. Rh1 Kc7 31. Rc1+ Kd7 32. Rh1 Rc7 33. a4 b6
34. Rh2 Kc8 35. Rh1 Kb7 36. Ba2 Ne7 37. Bb3 Nf5 38. Ba2 Ng3 39. Bxd5+ exd5 40.
Nxg3 Rc4 41. f4 Rxd4+ 42. Ke3 Rd3+ 43. Kf2 Rd2+ 44. Ke3 Rd3+ 45. Kf2 Rd2+ 46.
Ke3 1/2-1/2

[Event "Europa tch 2011 femenino"]
[Site "Porto Carras"]
[Date "2011.11.08"]
[Round "6.9"]
[White "Porat, Maya"]
[Black "Mamedjarova, Zeinab"]
[Result "1/2-1/2"]
[WhiteElo "2299"]
[BlackElo "2314"]
[PlyCount "239"]
[EventDate "2011.11.03"]
[EventType "team"]
[EventRounds "9"]
[EventCountry "GRE"]
[Source "lmi"]
[SourceDate "2011.11.03"]
[WhiteTeamCountry "NED"]
[BlackTeamCountry "GRE"]

1. d4 Nf6 2. c4 e6 3. Nc3 c5 4. d5 exd5 5. cxd5 d6 6. e4 g6 7. f4 Bg7 8. Bb5+
Nfd7 9. a4 O-O 10. Nf3 a6 11. Bd3 Qc7 12. Be3 c4 13. Bc2 Re8 14. O-O Nc5 15.
Bd4 Bf8 16. Qe2 Bg4 17. Qxc4 Nbd7 18. Nd2 Nb6 19. Qa2 a5 20. h3 Bd7 21. Rac1
Rac8 22. e5 Bg7 23. Kh1 dxe5 24. fxe5 Bxe5 25. d6 Qxd6 26. Qxf7+ Kh8 27. Bxe5+
Rxe5 28. Nf3 Rh5 29. Rcd1 Qe6 30. Qf4 Qe7 31. Rfe1 Qg7 32. Ne5 Rf8 33. Nxd7
Nbxd7 34. Qd6 Qf6 35. Qxf6+ Nxf6 36. Rd4 Rf7 37. Kh2 Rg5 38. Rf4 Kg7 39. Ref1
Re5 40. g4 Rf8 41. Kg2 Ne6 42. R4f2 g5 43. Rf5 Rxf5 44. Rxf5 Rd8 45. Kg3 h5 46.
Bb3 Rd3+ 47. Kf2 Nd4 48. Rxg5+ Kh6 49. Rxa5 hxg4 50. hxg4 Nxg4+ 51. Kg2 Nxb3
52. Rb5 Nd4 53. Rxb7 Nf5 54. Rb6+ Kg5 55. Kf1 Ng3+ 56. Ke1 Kf4 57. Ne2+ Nxe2
58. Kxe2 Rd5 59. b4 Ne5 60. a5 Nc4 61. Rb8 Rd2+ 62. Ke1 Ra2 63. Rh8 Ne3 64.
Rf8+ Ke4 65. Rh8 Kd3 66. Rd8+ Kc4 67. Rd2 Nc2+ 68. Kf2 Kxb4 69. a6 Kc3 70. Rd8
Rxa6 71. Kf3 Nd4+ 72. Ke4 Nc6 73. Rc8 Kc4 74. Rc7 Kc5 75. Rh7 Ra4+ 76. Kf5 Kd6
77. Rh6+ Kd5 78. Rh1 Ne7+ 79. Kg5 Re4 80. Kf6 Kd6 81. Rd1+ Nd5+ 82. Kf5 Rf4+
83. Kg5 Rf8 84. Rd2 Ke5 85. Re2+ Kd4 86. Re6 Nc3 87. Kg6 Ne4 88. Ra6 Ke5 89.
Ra5+ Ke6 90. Ra6+ Nd6 91. Ra7 Rf1 92. Kg5 Nf7+ 93. Kg4 Ne5+ 94. Kg3 Rf3+ 95.
Kg2 Rb3 96. Ra6+ Kf5 97. Ra4 Nd3 98. Ra8 Ke4 99. Re8+ Ne5 100. Kf2 Rb2+ 101.
Kg3 Rb7 102. Kf2 Rh7 103. Ra8 Nd3+ 104. Kg3 Rg7+ 105. Kh4 Kf3 106. Ra3 Kf4 107.
Ra4+ Kf5 108. Ra5+ Ne5 109. Kh3 Kf4 110. Ra4+ Ke3 111. Ra3+ Nd3 112. Kh4 Kf4
113. Ra4+ Kf5 114. Ra5+ Ne5 115. Kh3 Kf4 116. Ra4+ Kf3 117. Ra3+ Kf4 118. Ra4+
Kf3 119. Ra3+ Kf4 120. Ra4+ 1/2-1/2

[Event "Europa tch 2011 femenino"]
[Site "Porto Carras"]
[Date "2011.11.08"]
[Round "6.9"]
[White "Umudova, Nargiz"]
[Black "Vasiliev, Olga"]
[Result "1-0"]
[WhiteElo "2210"]
[BlackElo "2305"]
[PlyCount "75"]
[EventDate "2011.11.03"]
[EventType "team"]
[EventRounds "9"]
[EventCountry "GRE"]
[Source "lmi"]
[SourceDate "2011.11.03"]
[WhiteTeamCountry "NED"]
[BlackTeamCountry "GRE"]

1. e4 d5 2. exd5 Nf6 3. Nf3 Nxd5 4. d4 Bg4 5. Be2 e6 6. h3 Bh5 7. Ne5 Bxe2 8.
Qxe2 a6 9. O-O Be7 10. c4 Nf6 11. Be3 O-O 12. Nc3 c6 13. Rad1 Nbd7 14. a3 Qa5
15. Bd2 Qb6 16. Nxd7 Nxd7 17. d5 cxd5 18. cxd5 e5 19. Be3 Qg6 20. d6 Bd8 21.
Qf3 Qe6 22. Qxb7 Rb8 23. Qxa6 Rxb2 24. Nd5 Re8 25. Qc4 Rb7 26. Rd2 f5 27. Rfd1
f4 28. Ba7 Qf7 29. Qa6 Rb3 30. Qc6 Qe6 31. Qa4 Rb7 32. Nc7 Bxc7 33. dxc7 Nf6
34. Rd6 Qe7 35. Qc4+ Qf7 36. c8=Q Rxc8 37. Qxc8+ Ne8 38. Rd7 1-0

[Event "Europa tch 2011 femenino"]
[Site "Porto Carras"]
[Date "2011.11.08"]
[Round "6.10"]
[White "Golubenko, Valentina"]
[Black "Alexandrova, Olga"]
[Result "1-0"]
[WhiteElo "2293"]
[BlackElo "2423"]
[PlyCount "81"]
[EventDate "2011.11.03"]
[EventType "team"]
[EventRounds "9"]
[EventCountry "GRE"]
[Source "lmi"]
[SourceDate "2011.11.03"]
[WhiteTeamCountry "NED"]
[BlackTeamCountry "GRE"]

1. d4 Nf6 2. Nf3 e6 3. g3 b5 4. Bg2 d5 5. Bg5 Be7 6. O-O O-O 7. Nbd2 Nbd7 8.
Bxf6 Bxf6 9. e4 Rb8 10. Nb3 c6 11. Re1 a5 12. exd5 cxd5 13. a4 b4 14. Bf1 Qc7
15. Rc1 Nb6 16. Nc5 Be7 17. c3 b3 18. Bd3 g6 19. Ne5 Bxc5 20. dxc5 Qxc5 21.
Qxb3 f6 22. Nf3 e5 23. Nd2 Bd7 24. Qa2 Nxa4 25. Ne4 Qc6 26. b4 Qa8 27. b5 Nb6
28. Nc5 Rbd8 29. Re4 Kh8 30. Rh4 Rg8 31. Qd2 Qa7 32. Qh6 Be8 33. Ne6 Rd7 34.
Nf8 Rdg7 35. Ne6 Re7 36. Nf8 e4 37. Be2 Qc7 38. Bg4 Bxb5 39. Be6 Rgg7 40. Nxh7
Rxh7 41. Qf8# 1-0

[Event "Europa tch 2011 femenino"]
[Site "Porto Carras"]
[Date "2011.11.08"]
[Round "6.10"]
[White "Pascual Palomo, Lucia"]
[Black "Jelica, Mara"]
[Result "1/2-1/2"]
[WhiteElo "2104"]
[BlackElo "2234"]
[PlyCount "52"]
[EventDate "2011.11.03"]
[EventType "team"]
[EventRounds "9"]
[EventCountry "GRE"]
[Source "lmi"]
[SourceDate "2011.11.03"]
[WhiteTeamCountry "NED"]
[BlackTeamCountry "GRE"]

1. e4 c5 2. Nf3 g6 3. d4 cxd4 4. Nxd4 Bg7 5. Nc3 Nc6 6. Be3 Nf6 7. Be2 O-O 8.
O-O d6 9. a4 Bd7 10. Kh1 Na5 11. f4 Rc8 12. e5 Ne8 13. Nf3 Nc6 14. Nb5 dxe5 15.
fxe5 a6 16. Na7 Nxa7 17. Bxa7 Qc7 18. c3 Be6 19. Bd4 Bh6 20. Qe1 Ng7 21. Qf2
Nf5 22. Bb6 Qc6 23. a5 Qe4 24. Rfe1 Qc6 25. Bd3 Bg7 26. Be4 Bd5 1/2-1/2

[Event "Europa tch 2011 femenino"]
[Site "Porto Carras"]
[Date "2011.11.08"]
[Round "6.10"]
[White "Saric, Kristina"]
[Black "Hernandez Estevez, Yudania"]
[Result "0-1"]
[WhiteElo "2255"]
[BlackElo "2284"]
[PlyCount "86"]
[EventDate "2011.11.03"]
[EventType "team"]
[EventRounds "9"]
[EventCountry "GRE"]
[Source "lmi"]
[SourceDate "2011.11.03"]
[WhiteTeamCountry "NED"]
[BlackTeamCountry "GRE"]

1. e4 d5 2. exd5 Qxd5 3. Nc3 Qa5 4. d4 Nf6 5. Bc4 Nc6 6. Nge2 Bg4 7. f3 Bf5 8.
Be3 O-O-O 9. O-O e5 10. d5 Nb4 11. Ng3 Bg6 12. Nge4 Nbxd5 13. Nxd5 Nxd5 14.
Bxd5 Rxd5 15. Qe2 Be7 16. a3 Rd7 17. c4 Rhd8 18. b4 Qa4 19. Qb2 Bxe4 20. fxe4
f6 21. Bf2 Rd2 22. Qb1 Qc2 23. Qxc2 Rxc2 24. Rac1 Rdd2 25. Rxc2 Rxc2 26. c5 Ra2
27. Rb1 Rxa3 28. g4 Rc3 29. Kg2 a6 30. h4 Kd7 31. Rb2 g6 32. Re2 Rb3 33. Be1 a5
34. c6+ Kxc6 35. bxa5 Bc5 36. Rc2 Kd6 37. Bg3 Bd4 38. Rc4 c5 39. Ra4 Rb4 40.
Ra3 Rb2+ 41. Kf1 c4 42. a6 Rb3 43. axb7 Kc7 0-1

[Event "Europa tch 2011 femenino"]
[Site "Porto Carras"]
[Date "2011.11.08"]
[Round "6.10"]
[White "Vega Gutierrez, Sabrina"]
[Black "Franciskovic, Borka"]
[Result "1/2-1/2"]
[WhiteElo "2327"]
[BlackElo "2280"]
[PlyCount "97"]
[EventDate "2011.11.03"]
[EventType "team"]
[EventRounds "9"]
[EventCountry "GRE"]
[Source "lmi"]
[SourceDate "2011.11.03"]
[WhiteTeamCountry "NED"]
[BlackTeamCountry "GRE"]

1. e4 c6 2. d4 d5 3. Nc3 dxe4 4. Nxe4 Bf5 5. Ng3 Bg6 6. Bc4 e6 7. N1e2 Bd6 8.
h4 h6 9. Nf4 Bxf4 10. Bxf4 Nf6 11. Qe2 Nd5 12. Be5 O-O 13. O-O-O Nd7 14. Bd6
Re8 15. Bd3 N7b6 16. Bxg6 Qxd6 17. Be4 Na4 18. Bxd5 exd5 19. Qf3 Re6 20. Nf5
Qb4 21. Qb3 Qxb3 22. axb3 Nb6 23. h5 Rae8 24. Rh3 Rf6 25. Rf3 Nc8 26. Rdd3 Nd6
27. Nxd6 Rxd6 28. Kd2 Ree6 29. b4 Kf8 30. Ra3 a6 31. Rae3 Re4 32. Kd3 Rde6 33.
b3 Ke7 34. c4 Rh4 35. Rf5 Rxe3+ 36. Kxe3 Re4+ 37. Kd3 Ke6 38. Rf3 Rh4 39. Re3+
Kd6 40. Rg3 Rxh5 41. Rxg7 Ke6 42. g3 Rh1 43. cxd5+ cxd5 44. Rh7 Ke7 45. Rh8 Rb1
46. Kc3 Rc1+ 47. Kd2 Rc6 48. Rb8 Rb6 49. Kc3 1/2-1/2

[Event "Europa tch 2011 femenino"]
[Site "Porto Carras"]
[Date "2011.11.08"]
[Round "6.11"]
[White "Reizniece-Ozola, Dana"]
[Black "Daulyte, Deimante"]
[Result "1/2-1/2"]
[WhiteElo "2281"]
[BlackElo "2238"]
[PlyCount "185"]
[EventDate "2011.11.03"]
[EventType "team"]
[EventRounds "9"]
[EventCountry "GRE"]
[Source "lmi"]
[SourceDate "2011.11.03"]
[WhiteTeamCountry "NED"]
[BlackTeamCountry "GRE"]

1. Nf3 Nf6 2. c4 g6 3. Nc3 d5 4. d4 Bg7 5. e3 O-O 6. Be2 c6 7. Bd2 Nbd7 8. cxd5
cxd5 9. Rc1 b6 10. O-O Bb7 11. Qb3 a5 12. Rfd1 Ne4 13. Nxe4 dxe4 14. Ng5 e6 15.
Nh3 Nf6 16. Nf4 Qd6 17. Rc2 Rfc8 18. Rxc8+ Rxc8 19. Bxa5 bxa5 20. Qxb7 Rb8 21.
Qa7 Rxb2 22. Qa8+ Qb8 23. Qxa5 Bh6 24. Qa6 Bxf4 25. exf4 Qxf4 26. g3 Qc7 27.
Qc4 Qa5 28. a4 Kg7 29. Qa6 Qf5 30. Bf1 Nd5 31. Bc4 Nc3 32. Qd6 Nxa4 33. Qa3 Qa5
34. Ra1 Qd2 35. Rf1 Nb6 36. Bxe6 Qxd4 37. Qa7 Qf6 38. Ba2 Nc8 39. Qa3 Nd6 40.
Bd5 Rd2 41. Bc6 Qd4 42. Qa1 f5 43. Qa3 Kh6 44. h3 Rd3 45. Qc1+ Kg7 46. Qg5 Nf7
47. Qf4 Ne5 48. Bb5 Rf3 49. Qg5 Nf7 50. Qh4 g5 51. Qh5 Rxg3+ 52. Kh1 Rf3 53.
Be8 Qc4 54. Kg2 Qe6 55. Bxf7 Qxf7 56. Qxg5+ Qg6 57. Qxg6+ hxg6 58. Ra1 Kh6 59.
Ra8 Kg5 60. Ra4 Rb3 61. Rc4 Rb2 62. Rc3 Kf4 63. Rg3 g5 64. Ra3 Rd2 65. Rb3 Ke5
66. Rb5+ Rd5 67. Rb8 f4 68. Rf8 Kd4 69. Re8 Kd3 70. Kf1 e3 71. fxe3 fxe3 72.
Ke1 Ra5 73. Rd8+ Ke4 74. Rf8 Rf5 75. Rg8 Kf3 76. Rg7 Re5 77. Rg8 Ra5 78. Rf8+
Ke4 79. Re8+ Kf4 80. Rf8+ Rf5 81. Rg8 Kg3 82. Rh8 Kf3 83. Rg8 e2 84. Ra8 Kg3
85. Rh8 Re5 86. Rh7 Re3 87. Rg7 Re5 88. Rh7 Kg2 89. Rh5 Kg3 90. h4 Kg4 91.
Rxg5+ Rxg5 92. hxg5 Kxg5 93. Kxe2 1/2-1/2

[Event "Europa tch 2011 femenino"]
[Site "Porto Carras"]
[Date "2011.11.08"]
[Round "6.11"]
[White "Skinke, Katrina"]
[Black "Batkovskyte, Dominyka"]
[Result "1-0"]
[WhiteElo "2227"]
[BlackElo "2102"]
[PlyCount "65"]
[EventDate "2011.11.03"]
[EventType "team"]
[EventRounds "9"]
[EventCountry "GRE"]
[Source "lmi"]
[SourceDate "2011.11.03"]
[WhiteTeamCountry "NED"]
[BlackTeamCountry "GRE"]

1. e4 e6 2. d4 d5 3. Nc3 Nf6 4. Bg5 Be7 5. e5 Nfd7 6. Bxe7 Qxe7 7. f4 O-O 8.
Nf3 c5 9. Nb5 a6 10. Nd6 cxd4 11. Bd3 f6 12. Nxc8 Rxc8 13. O-O fxe5 14. fxe5
Nc6 15. Qe2 Ndxe5 16. a3 b5 17. Rad1 b4 18. h4 Nxd3 19. Rxd3 bxa3 20. Rxa3 Nb4
21. Nxd4 Qxh4 22. Qd2 Qe7 23. Rh3 Nc6 24. Qd3 g6 25. Nxc6 Rxc6 26. c3 Qg5 27.
Qd4 Rcc8 28. Rf6 Rc4 29. Qb6 Qe5 30. Rxe6 Qg7 31. Qd6 Rcc8 32. Re7 Qf8 33. Qe6+
1-0

[Event "Europa tch 2011 femenino"]
[Site "Porto Carras"]
[Date "2011.11.08"]
[Round "6.11"]
[White "Vanagaite, Giedre"]
[Black "Ungure, Liga"]
[Result "1/2-1/2"]
[WhiteElo "1958"]
[BlackElo "2066"]
[PlyCount "36"]
[EventDate "2011.11.03"]
[EventType "team"]
[EventRounds "9"]
[EventCountry "GRE"]
[Source "lmi"]
[SourceDate "2011.11.03"]
[WhiteTeamCountry "NED"]
[BlackTeamCountry "GRE"]

1. e4 c5 2. Nf3 d6 3. d4 cxd4 4. Nxd4 Nf6 5. Nc3 Nc6 6. Be3 e5 7. Nb3 Be7 8. f3
Be6 9. Qd2 d5 10. exd5 Nxd5 11. Nxd5 Qxd5 12. Qxd5 Bxd5 13. O-O-O O-O-O 14. Bb5
a6 15. Be2 Be6 16. Bb6 Rxd1+ 17. Bxd1 Bd8 18. Bxd8 Rxd8 1/2-1/2